[Event "PRO League Group Stage"]
[Site "chess.com INT"]
[Date "2019.03.13"]
[Round "10"]
[White "Li, Di"]
[Black "Tang, Andrew"]
[Result "1-0"]
[WhiteTitle "IM"]
[BlackTitle "GM"]
[WhiteElo "2488"]
[BlackElo "2487"]
[WhiteTeam "Chengdu Pandas"]
[BlackTeam "Minnesota Blizzard"]
[WhiteFideId "8607508"]
[BlackFideId "2059630"]
[EventDate "2019.01.08"]

1. d4 d5 2. c4 e6 3. Nf3 Nf6 4. Nc3 Be7 5. Bg5 h6 6. Bxf6 Bxf6 7. e3 O-O 8. Rc1
c6 9. Bd3 Nd7 10. O-O dxc4 11. Bxc4 e5 12. Ne4 exd4 13. Nxf6+ Nxf6 14. Qxd4 Qe7
15. Qe5 Re8 16. Qxe7 Rxe7 17. Nd4 c5 18. Nb5 b6 19. Rfd1 Bd7 20. a4 a6 21. Nc3
Be6 22. b3 Rb8 23. Rb1 Ra7 24. f3 Bd7 25. e4 b5 26. Be2 Be6 27. Rdc1 Rab7 28.
Kf2 Kf8 29. axb5 axb5 30. Nd1 Nd7 31. f4 f6 32. Ne3 Ra7 33. Rd1 Rbb7 34. Rd6 Ke7
35. Rc6 Ra2 36. Nd5+ Bxd5 37. exd5 Rd2 38. Re1 Kd8 39. Rd1 Rb2 40. Rd3 Ra7 41.
d6 Ra3 42. Rg3 g5 43. fxg5 hxg5 44. Rh3 Raa2 45. Rh8+ Nf8 46. Rxf8+ Kd7 47. Rb6
Rxe2+ 48. Kf3 Rf2+ 49. Kg4 Rxg2+ 50. Kf5 Raf2+ 51. Kg6 Rxh2 52. Rf7+ Kc8 53. d7+
Kc7 54. d8=Q+ Kxd8 55. Rb8# 1-0

[Event "PRO League Group Stage"]
[Site "chess.com INT"]
[Date "2019.03.13"]
[Round "10"]
[White "Bartholomew, John"]
[Black "Zhai, Mo"]
[Result "1-0"]
[WhiteTitle "IM"]
[BlackTitle "WGM"]
[WhiteElo "2439"]
[BlackElo "2365"]
[WhiteTeam "Minnesota Blizzard"]
[BlackTeam "Chengdu Pandas"]
[WhiteFideId "2019353"]
[BlackFideId "8600201"]
[EventDate "2019.01.08"]

1. d4 Nf6 2. c4 g6 3. Nc3 d5 4. cxd5 Nxd5 5. e4 Nxc3 6. bxc3 Bg7 7. Qa4+ Nd7 8.
Nf3 O-O 9. Be2 c5 10. O-O cxd4 11. cxd4 Nc5 12. dxc5 Bxa1 13. e5 Bc3 14. Bh6 Qa5
15. Qh4 Re8 16. Bc4 b5 17. Bd5 Be6 18. Bxe6 fxe6 19. Be3 1-0

[Event "PRO League Group Stage"]
[Site "chess.com INT"]
[Date "2019.03.13"]
[Round "10"]
[White "Sarana, Alexey"]
[Black "Xiong, Jeffery"]
[Result "1-0"]
[WhiteTitle "GM"]
[BlackTitle "GM"]
[WhiteElo "2630"]
[BlackElo "2672"]
[WhiteTeam "Australia Kangaroos"]
[BlackTeam "Dallas Destiny"]
[WhiteFideId "24133795"]
[BlackFideId "2047640"]
[EventDate "2019.01.08"]

1. d4 d5 2. c4 dxc4 3. Nf3 Nf6 4. e3 e6 5. Bxc4 a6 6. O-O c5 7. dxc5 Qxd1 8.
Rxd1 Bxc5 9. Nfd2 Nbd7 10. Be2 b6 11. Nb3 Be7 12. f3 Bb7 13. e4 O-O 14. Be3 Rfc8
15. Nc3 Kf8 16. Kf1 Ke8 17. Na4 Bd8 18. g4 h6 19. h4 Bc6 20. Nc3 b5 21. a4 bxa4
22. Nd4 Bb6 23. Nxa4 Ba7 24. Kf2 g5 25. hxg5 hxg5 26. Nc3 Bb7 27. Kg2 Ne5 28.
Bxg5 Nfd7 29. Nb3 Nc4 30. Na5 Nxa5 31. Rxa5 Bb6 32. Raa1 Rc5 33. Na4 Rxg5 34.
Rxd7 Kxd7 35. Nxb6+ Kc7 36. Nxa8+ Bxa8 37. Rxa6 Bb7 38. Ra3 f5 39. Rc3+ Kd6 40.
exf5 exf5 41. Kg3 fxg4 42. fxg4 Ra5 43. Bf3 Ba6 44. Ra3 Rxa3 45. bxa3 Ke5 46. a4
Kd4 47. Bc6 1-0

[Event "PRO League Group Stage"]
[Site "chess.com INT"]
[Date "2019.03.13"]
[Round "10"]
[White "Holt, Conrad"]
[Black "Smirnov, Anton"]
[Result "1/2-1/2"]
[WhiteTitle "GM"]
[BlackTitle "GM"]
[WhiteElo "2548"]
[BlackElo "2569"]
[WhiteTeam "Dallas Destiny"]
[BlackTeam "Australia Kangaroos"]
[WhiteFideId "2034387"]
[BlackFideId "3208923"]
[EventDate "2019.01.08"]

1. d4 Nf6 2. c4 e6 3. Nc3 Bb4 4. Qc2 d5 5. cxd5 exd5 6. Bg5 c5 7. dxc5 h6 8. Bh4
g5 9. Bg3 Ne4 10. O-O-O Bxc3 11. f3 Bd2+ 12. Rxd2 Nxd2 13. Qxd2 Be6 14. h4 g4
15. e3 Nc6 16. Bb5 Qf6 17. Bd6 a6 18. Ba4 Rd8 19. f4 b5 20. Bc2 Bf5 21. Qxd5 Ne7
22. Qe5 Qxe5 23. Bxe5 Bxc2 24. Kxc2 O-O 25. e4 Nc6 26. Bd6 Rfe8 27. Kd3 Nb4+ 28.
Kd4 Nc2+ 29. Kc3 Ne3 30. e5 Nd5+ 31. Kd4 Nxf4 32. g3 Ng6 33. Ne2 Nxe5 34. Nc3
Nc4 35. Ne4 Kg7 36. b3 Ne5 37. Kd5 f5 38. Nf2 Nf7 39. Rd1 Kf6 40. Kc6 Re2 41.
Nd3 Re3 42. Nf4 Ree8 43. Nd5+ Kg7 44. Nc7 Re2 45. Nxa6 f4 46. Rd4 Rf2 47. Nc7
Kg6 48. Ne6 Rc8+ 49. Kd7 Ra8 50. Nxf4+ Kf5 51. a4 bxa4 52. bxa4 Ra2 53. Nd5 Ra7+
54. Bc7 R2xa4 55. Ne7+ Kf6 56. Nd5+ Kf5 57. Ne3+ Kg6 58. Rxg4+ Rxg4 59. Nxg4 Kf5
60. Ne3+ Ke4 61. Nc4 Kd5 62. Ne3+ Kxc5 63. Nf5 Ne5+ 64. Ke6 Ng4 65. Bd6+ Kc4 66.
h5 Kd3 67. Bf4 Ke4 68. Nd6+ Kf3 69. Kf5 Ra5+ 70. Kg6 Ra6 71. Kg7 Ra7+ 72. Nf7
Ke4 73. Kg6 Ra6+ 74. Nd6+ Kd5 75. Kf5 Nh2 76. Nf7 Nf3 77. Nxh6 Nd4+ 78. Kg4 Ke6
79. Kg5 Ke7 80. Nf5+ Nxf5 81. Kxf5 Ra5+ 82. Be5 Kf7 83. g4 Ra2 84. g5 Rf2+ 85.
Bf4 Rf1 86. Ke4 Rh1 87. g6+ Kf6 88. Be5+ Ke6 89. g7 Rh4+ 90. Kf3 Kf7 91. Bb2
Rxh5 92. Ke3 Rh3+ 93. Ke4 Rh4+ 94. Kd5 Rb4 95. Bd4 Rb5+ 96. Kc4 Rg5 97. Bc3 Rxg7
98. Bxg7 1/2-1/2

[Event "PRO League Group Stage"]
[Site "chess.com INT"]
[Date "2019.03.13"]
[Round "10"]
[White "Fernandez, Daniel Howard"]
[Black "Preotu, Razvan"]
[Result "1-0"]
[WhiteTitle "GM"]
[BlackTitle "GM"]
[WhiteElo "2465"]
[BlackElo "2524"]
[WhiteTeam "Australia Kangaroos"]
[BlackTeam "Dallas Destiny"]
[WhiteFideId "5801605"]
[BlackFideId "2613280"]
[EventDate "2019.01.08"]

1. e4 c5 2. Nf3 d6 3. d4 cxd4 4. Qxd4 Nc6 5. Bb5 Bd7 6. Qd3 Nf6 7. c4 a6 8. Bxc6
Bxc6 9. Nc3 e6 10. O-O Be7 11. Bf4 O-O 12. Rfd1 Qa5 13. a3 Rfd8 14. Be3 Ng4 15.
b4 Qh5 16. Bb6 Rdc8 17. b5 Be8 18. a4 Nf6 19. Be3 Nd7 20. Bf4 Ne5 21. Nxe5 dxe5
22. Be3 Rd8 23. Qe2 Qxe2 24. Nxe2 Rdc8 25. bxa6 Rxa6 26. Rdb1 Rxc4 27. Rxb7 Bd6
28. a5 Rb4 29. Rb6 Rbxb6 30. Bxb6 Bb5 31. Nc3 Bc6 32. Rd1 Be7 33. Bc7 f6 34. Rb1
Ra7 35. Bb6 Rd7 36. f3 Rd3 37. Nd1 Ra3 38. Ne3 Ra4 39. Rc1 Bb5 40. h4 h5 41.
Rc8+ Kh7 42. Nc2 Ra2 43. Kh2 Bd3 44. Ne3 Bb4 45. Re8 Bd2 46. Rd8 Bxe3 47. Rxd3
Bxb6 48. axb6 Rb2 49. Rd6 Kg6 50. Rxe6 Kf7 51. Rc6 g6 52. Rc7+ Ke6 53. b7 f5 54.
Kg1 f4 55. Kf1 Kf6 56. Ke1 Ke6 57. Kd1 Kd6 58. Rg7 Kc5 59. Kc1 Rb6 60. Kc2 Kd4
61. Rd7+ Ke3 62. Rd3+ Kf2 63. Rb3 Rxb7 64. Rxb7 Kxg2 65. Rg7 Kxf3 66. Kd3 1-0

[Event "PRO League Group Stage"]
[Site "chess.com INT"]
[Date "2019.03.13"]
[Round "10"]
[White "Zhu, Jiner"]
[Black "Song, Raymond"]
[Result "0-1"]
[WhiteTitle "WIM"]
[BlackTitle "FM"]
[WhiteElo "2424"]
[BlackElo "2329"]
[WhiteTeam "Dallas Destiny"]
[BlackTeam "Australia Kangaroos"]
[WhiteFideId "8608059"]
[BlackFideId "3203824"]
[EventDate "2019.01.08"]

1. e4 c5 2. Nf3 e6 3. d4 cxd4 4. Nxd4 Nc6 5. Nc3 Qc7 6. g3 a6 7. Bg2 Nf6 8. O-O
Nxd4 9. Qxd4 Bc5 10. Bf4 d6 11. Qd2 h6 12. Rad1 e5 13. Be3 Be6 14. Bxc5 dxc5 15.
f4 O-O 16. f5 Bc4 17. Rfe1 b5 18. Nd5 Bxd5 19. exd5 Qd6 20. Qe2 Rfe8 21. b3 e4
22. c4 Re5 23. Qf1 Rae8 24. Re3 Ng4 25. Re2 e3 26. Qf3 h5 27. h3 Nh6 28. g4 hxg4
29. hxg4 Re4 30. Bh3 Rf4 31. Qg2 Ree4 32. g5 Ng4 33. Rde1 Rf2 34. Bxg4 Rxg4 0-1

[Event "PRO League Group Stage"]
[Site "chess.com INT"]
[Date "2019.03.13"]
[Round "10"]
[White "Safarli, Eltaj"]
[Black "Mikhalevski, Victor"]
[Result "1/2-1/2"]
[WhiteTitle "GM"]
[BlackTitle "GM"]
[WhiteElo "2681"]
[BlackElo "2581"]
[WhiteTeam "San Jose Hackers"]
[BlackTeam "Seattle Sluggers"]
[WhiteFideId "13402129"]
[BlackFideId "2801914"]
[EventDate "2019.01.08"]

1. e4 e5 2. Nc3 Nf6 3. g3 d5 4. exd5 Nxd5 5. Bg2 Nxc3 6. bxc3 Nc6 7. Nf3 Bd6 8.
O-O O-O 9. d3 Bg4 10. h3 Bh5 11. Rb1 Rb8 12. g4 Bg6 13. Ng5 Be7 14. Ne4 f5 15.
gxf5 Bxf5 16. Be3 Qd7 17. Qh5 g6 18. Qh6 Nd8 19. Bd2 Ne6 20. Ng3 Nf4 21. Bxf4
exf4 22. Qxf4 Bxd3 23. Qd2 Bf5 24. Qe2 Bd6 25. Nxf5 Qxf5 26. Qc4+ Kg7 27. Rb5
Qf6 28. Rxb7 Rxb7 29. Bxb7 Qg5+ 30. Qg4 Qa5 31. Qd4+ Be5 32. Qb4 Bxc3 33. Qxa5
Bxa5 34. Rd1 Bb6 35. Rd2 Rf4 36. Kg2 Kf6 37. Bd5 Bc5 38. Bb3 a5 39. a4 Bd4 40.
Re2 Be5 41. Re3 Rb4 42. Rf3+ Kg5 43. Rf8 Rf4 44. Rxf4 Kxf4 45. Kf1 1/2-1/2

[Event "PRO League Group Stage"]
[Site "chess.com INT"]
[Date "2019.03.13"]
[Round "10"]
[White "Margvelashvili, Giorgi"]
[Black "Aleskerov, Faik"]
[Result "1-0"]
[WhiteTitle "GM"]
[WhiteElo "2530"]
[BlackElo "2315"]
[WhiteTeam "Seattle Sluggers"]
[BlackTeam "San Jose Hackers"]
[WhiteFideId "13602926"]
[BlackFideId "13401262"]
[EventDate "2019.01.08"]

1. e4 e5 2. f4 d6 3. Nf3 Nc6 4. Bb5 Bd7 5. d3 Nd4 6. Bxd7+ Qxd7 7. Nc3 Nf6 8.
O-O c5 9. Kh1 Nxf3 10. Qxf3 h6 11. fxe5 dxe5 12. Qg3 Qe6 13. Nb5 Kd8 14. b3 a6
15. Nc3 Kd7 16. Bb2 Re8 17. Qf3 Be7 18. Nd5 Rhf8 19. c4 Nxd5 20. cxd5 Qg6 21.
Bxe5 Bd6 22. Bxd6 Kxd6 23. Rac1 Qg5 24. Qf2 Rc8 25. b4 b6 26. bxc5+ bxc5 27. Qb2
Rb8 28. Qa3 Qd8 29. Rxc5 Kd7 30. Rc6 Ke8 31. Re6+ fxe6 32. Rxf8+ Kd7 33. Rxd8+
Kxd8 34. Qd6+ Kc8 35. Qxe6+ Kd8 36. Qd6+ Kc8 37. Qxb8+ 1-0

[Event "PRO League Group Stage"]
[Site "chess.com INT"]
[Date "2019.03.13"]
[Round "10"]
[White "Ravuri, Vinesh"]
[Black "Mayer, Jacob"]
[Result "1-0"]
[WhiteElo "2042"]
[BlackElo "1737"]
[WhiteTeam "San Jose Hackers"]
[BlackTeam "Seattle Sluggers"]
[WhiteFideId "45042632"]
[BlackFideId "30925002"]
[EventDate "2019.01.08"]

1. d4 Nf6 2. Nc3 g6 3. e4 d6 4. h4 Bg7 5. Nf3 Bg4 6. Bf4 Nbd7 7. Qd2 c5 8. d5
Qa5 9. Bd3 Bxf3 10. gxf3 Ne5 11. Bxe5 dxe5 12. Bb5+ Nd7 13. O-O-O a6 14. Bxd7+
Kxd7 15. d6 e6 16. h5 b5 17. Kb1 b4 18. Ne2 Qb6 19. Qg5 f6 20. Qg4 g5 21. f4 Bf8
22. fxe5 fxe5 23. Qxg5 Bxd6 24. Qg7+ Kc6 25. Rxd6+ 1-0

[Event "PRO League Group Stage"]
[Site "chess.com INT"]
[Date "2019.03.13"]
[Round "10"]
[White "Brown, Michael William"]
[Black "Naroditsky, Daniel"]
[Result "1/2-1/2"]
[WhiteTitle "IM"]
[BlackTitle "GM"]
[WhiteElo "2524"]
[BlackElo "2616"]
[WhiteTeam "San Diego Surfers"]
[BlackTeam "San Francisco Mechanics"]
[WhiteFideId "2037602"]
[BlackFideId "2026961"]
[EventDate "2019.01.08"]

1. d4 Nf6 2. c4 g6 3. Nc3 Bg7 4. e4 O-O 5. Nf3 d6 6. Be2 c5 7. d5 e6 8. O-O Re8
9. Nd2 exd5 10. cxd5 Nbd7 11. f3 Ne5 12. a4 g5 13. Ra3 Nh5 14. g3 Bh3 15. Rf2 f5
16. exf5 Bxf5 17. g4 Nf4 18. gxf5 Nh3+ 19. Kg2 Nxf2 20. Kxf2 g4 21. Nce4 Qh4+
22. Kg2 gxf3+ 23. Bxf3 Rf8 24. Ng3 Bh6 25. Nde4 Kh8 26. Bxh6 Qxh6 27. Qd2 Qg7
28. f6 Rxf6 29. Nxf6 Qxf6 30. Be4 Rg8 31. Qe2 Rg4 32. Ra1 Qh4 33. Rf1 Rg8 34.
Rf5 Ng6 35. Qe3 Ne5 36. Qf4 Rg4 37. Rf8+ Kg7 38. Qf5 Rxe4 39. Rc8 Rf4 40. Rc7+
Kg8 41. Qc8+ Rf8 42. Qe6+ Kh8 43. Qxd6 Qf4 44. Qe7 Qf3+ 45. Kh3 Qg4+ 46. Kg2
Qf3+ 47. Kh3 Qg4+ 48. Kg2 Qf3+ 49. Kh3 Qg4+ 50. Kg2 Qf3+ 51. Kh3 1/2-1/2

[Event "PRO League Group Stage"]
[Site "chess.com INT"]
[Date "2019.03.13"]
[Round "10"]
[White "Zierk, Steven"]
[Black "Bryant, John Daniel"]
[Result "0-1"]
[WhiteTitle "GM"]
[BlackTitle "IM"]
[WhiteElo "2510"]
[BlackElo "2449"]
[WhiteTeam "San Francisco Mechanics"]
[BlackTeam "San Diego Surfers"]
[WhiteFideId "2034255"]
[BlackFideId "2031280"]
[EventDate "2019.01.08"]

1. e4 e5 2. Nf3 Nc6 3. Bb5 Nf6 4. d3 d6 5. c3 Bd7 6. O-O g6 7. d4 Bg7 8. Re1 a6
9. Bxc6 Bxc6 10. dxe5 Nxe4 11. Nd4 dxe5 12. Nxc6 Qxd1 13. Rxd1 bxc6 14. Na3 Nd6
15. Nc2 a5 16. b3 e4 17. Bf4 Nb5 18. c4 Bxa1 19. Rxa1 Nd6 20. c5 Nb5 21. a4 Na7
22. Bxc7 Nc8 23. Nd4 Kd7 24. Bf4 Ne7 25. Bd2 Nd5 26. g4 f6 27. Re1 Rhe8 28. Nc2
Rab8 29. Rb1 e3 30. Nxe3 Re4 31. h3 Rxa4 32. Nxd5 cxd5 33. c6+ Kc8 34. Bc3 d4
35. Be1 Ra3 36. Rd1 Rbxb3 37. Rxd4 Ra1 38. Re4 Rbb1 39. Kf1 Kc7 40. f4 a4 41.
Kf2 Rxe1 0-1

[Event "PRO League Group Stage"]
[Site "chess.com INT"]
[Date "2019.03.13"]
[Round "10"]
[White "Hilby, Craig"]
[Black "Macieja, Bartlomiej"]
[Result "1/2-1/2"]
[WhiteTitle "IM"]
[BlackTitle "GM"]
[WhiteElo "2445"]
[BlackElo "2509"]
[WhiteTeam "San Diego Surfers"]
[BlackTeam "San Francisco Mechanics"]
[WhiteFideId "2062674"]
[BlackFideId "1104306"]
[EventDate "2019.01.08"]

1. d4 Nf6 2. c4 e6 3. Nf3 d5 4. g3 Bb4+ 5. Nbd2 dxc4 6. Bg2 b5 7. O-O Bb7 8.
Nxc4 O-O 9. Nce5 Be7 10. Qb3 a6 11. Bg5 Bd5 12. Qc2 Be4 13. Qb3 Bd5 14. Qc2 Be4
15. Qb3 Bd5 1/2-1/2

[Event "PRO League Group Stage"]
[Site "chess.com INT"]
[Date "2019.03.13"]
[Round "10"]
[White "Hong, Andrew"]
[Black "Shlyakhtenko, Robert"]
[Result "1-0"]
[WhiteTitle "FM"]
[WhiteElo "2390"]
[BlackElo "2190"]
[WhiteTeam "San Francisco Mechanics"]
[BlackTeam "San Diego Surfers"]
[WhiteFideId "2099438"]
[BlackFideId "30936934"]
[EventDate "2019.01.08"]

1. e4 c5 2. Nf3 e6 3. d3 d5 4. Qe2 Be7 5. g3 Nf6 6. Bg2 Nc6 7. O-O O-O 8. e5 Nd7
9. c4 b5 10. cxd5 exd5 11. Nc3 Nb6 12. Bf4 b4 13. Nd1 Re8 14. h4 h6 15. Re1 Bg4
16. Qd2 Bf8 17. Ne3 Bxf3 18. Bxf3 Nd4 19. Bg2 g5 20. hxg5 hxg5 21. Nxd5 gxf4 22.
Nf6+ Qxf6 23. exf6 f3 24. Qg5+ Kh7 25. Qh5+ Kg8 26. Bxf3 Nxf3+ 27. Qxf3 Rxe1+
28. Rxe1 Rd8 29. Re5 Bd6 30. Qg4+ Kf8 31. Qg7# 1-0

[Event "PRO League Group Stage"]
[Site "chess.com INT"]
[Date "2019.03.13"]
[Round "10"]
[White "Xiong, Jeffery"]
[Black "Wang, Yue"]
[Result "1-0"]
[WhiteTitle "GM"]
[BlackTitle "GM"]
[WhiteElo "2672"]
[BlackElo "2684"]
[WhiteTeam "Dallas Destiny"]
[BlackTeam "Chengdu Pandas"]
[WhiteFideId "2047640"]
[BlackFideId "8601429"]
[EventDate "2019.01.08"]

1. e4 e5 2. Nf3 Nc6 3. Bb5 Nf6 4. O-O Nxe4 5. d4 Nd6 6. dxe5 Nxb5 7. a4 Nbd4 8.
Nxd4 Nxd4 9. Qxd4 d5 10. Qd3 c6 11. a5 Be7 12. Qg3 g5 13. f4 gxf4 14. Bxf4 Be6
15. Nd2 Qd7 16. Rad1 O-O-O 17. Nc4 Qc7 18. Nd6+ Bxd6 19. exd6 Qxa5 20. Qf2 c5
21. Bg3 h5 22. Qf6 Rhg8 23. Qe5 Qb6 24. c4 d4 25. b4 Rxg3 26. hxg3 Qxd6 27. Qxd6
Rxd6 28. bxc5 Rd7 29. Rf4 d3 30. Kf2 Bg4 31. Rd2 Be2 32. Ke3 Kc7 33. Rf6 Re7+
34. Kd4 Rd7+ 35. Kc3 a6 36. Rb2 d2 37. Rxd2 Rxd2 38. Kxd2 Bxc4 39. Kc3 Be6 40.
Rh6 Kc6 41. Rxh5 a5 42. Re5 Kb5 43. c6+ Kxc6 44. Rxa5 b5 45. Kb4 Bc4 46. Ra7 Kd6
47. Ra3 Ke5 48. Rf3 Ke6 49. g4 Ke7 50. g5 Ke6 51. Kc5 Ke7 52. Rf6 Bd3 53. Kd4
Bc4 54. Rb6 Kf8 55. Ke5 Kg7 56. g4 Be2 57. Kf4 Bd3 58. Ke5 Be2 59. Kf5 Bd3+ 60.
Kf4 Bc4 61. g6 fxg6 62. Kg5 Bd3 63. Rb7+ Kf8 64. Rd7 Be4 65. Rd4 Bc2 66. Rd2 Be4
67. Kf6 Bf3 68. Rd8# 1-0

[Event "PRO League Group Stage"]
[Site "chess.com INT"]
[Date "2019.03.13"]
[Round "10"]
[White "Xu, Xiangyu"]
[Black "Holt, Conrad"]
[Result "0-1"]
[WhiteTitle "GM"]
[BlackTitle "GM"]
[WhiteElo "2567"]
[BlackElo "2548"]
[WhiteTeam "Chengdu Pandas"]
[BlackTeam "Dallas Destiny"]
[WhiteFideId "8608288"]
[BlackFideId "2034387"]
[EventDate "2019.01.08"]

1. d4 d5 2. Nf3 Nf6 3. c4 c6 4. cxd5 cxd5 5. Nc3 Nc6 6. Bf4 Nh5 7. Bd2 e6 8. e3
Bd6 9. Bd3 f5 10. Ne5 g6 11. Nxc6 bxc6 12. Rc1 O-O 13. Na4 f4 14. e4 Qh4 15. e5
f3 16. g4 Ng3 17. Rg1 Qxh2 18. Rxg3 Qh1+ 19. Bf1 Ba6 20. Be3 Bb4+ 21. Nc3 Qxf1+
22. Kd2 Qd3+ 23. Ke1 Qxe3+ 24. fxe3 f2+ 25. Kd2 f1=Q 0-1

[Event "PRO League Group Stage"]
[Site "chess.com INT"]
[Date "2019.03.13"]
[Round "10"]
[White "Preotu, Razvan"]
[Black "Li, Di"]
[Result "0-1"]
[WhiteTitle "GM"]
[BlackTitle "IM"]
[WhiteElo "2524"]
[BlackElo "2488"]
[WhiteTeam "Dallas Destiny"]
[BlackTeam "Chengdu Pandas"]
[WhiteFideId "2613280"]
[BlackFideId "8607508"]
[EventDate "2019.01.08"]

1. e4 e5 2. Nf3 Nf6 3. Nxe5 d6 4. Nf3 Nxe4 5. Nc3 Nxc3 6. dxc3 Be7 7. Be3 Nc6 8.
Qd2 Be6 9. O-O-O Qd7 10. Kb1 Bf6 11. h3 h6 12. g4 O-O-O 13. Nd4 Nxd4 14. cxd4
Bd5 15. Rg1 Rhe8 16. Bd3 Kb8 17. Qa5 c6 18. Rde1 Qc7 19. Qd2 Ka8 20. f4 c5 21.
Bb5 Re4 22. Bd3 Rxe3 23. Rxe3 Bxd4 24. Rge1 Bxe3 25. Qxe3 Bc6 26. a3 a6 27. h4
Qa5 28. Rf1 Re8 29. Qf2 d5 30. g5 d4 31. gxh6 gxh6 32. Rg1 Bd5 33. f5 c4 34. Be2
Qb6 35. Bf3 c3 36. b4 Bxf3 37. Qxf3 Qb5 38. Rd1 Qa4 39. Qd5 Qxa3 40. Qb3 Qxb3+
41. cxb3 Re4 0-1

[Event "PRO League Group Stage"]
[Site "chess.com INT"]
[Date "2019.03.13"]
[Round "10"]
[White "Zhai, Mo"]
[Black "Zhu, Jiner"]
[Result "0-1"]
[WhiteTitle "WGM"]
[BlackTitle "WIM"]
[WhiteElo "2365"]
[BlackElo "2424"]
[WhiteTeam "Chengdu Pandas"]
[BlackTeam "Dallas Destiny"]
[WhiteFideId "8600201"]
[BlackFideId "8608059"]
[EventDate "2019.01.08"]

1. Nf3 Nf6 2. g3 e6 3. Bg2 d5 4. c4 d4 5. e3 c5 6. exd4 cxd4 7. O-O Nc6 8. d3
Bd6 9. Re1 O-O 10. Nbd2 Re8 11. Ng5 a5 12. Nge4 Nxe4 13. Nxe4 Bc7 14. a3 f5 15.
Nc5 Qd6 16. Na4 e5 17. f4 Qg6 18. fxe5 Bxe5 19. Bd5+ Kh8 20. Bf3 Qd6 21. c5 Qf8
22. Bd2 Bd7 23. Nb6 Rad8 24. b4 Bc7 25. Nd5 Bb8 26. Bg5 Rxe1+ 27. Qxe1 Ne5 28.
Bg2 Re8 29. Qf1 Bc6 30. Nb6 Qf7 31. Bxc6 bxc6 32. Bf4 Ng4 33. Bxb8 Rxb8 34. Qf3
Qh5 35. h4 Re8 36. bxa5 Re3 37. Qf4 Qe8 38. Rf1 Rxd3 39. a6 Rxa3 40. Qxf5 Rxg3+
41. Kh1 Rh3+ 42. Kg1 Qe3+ 43. Rf2 Qe1+ 44. Rf1 Qg3# 0-1

[Event "PRO League Group Stage"]
[Site "chess.com INT"]
[Date "2019.03.13"]
[Round "10"]
[White "Corrales Jimenez, Fidel"]
[Black "Brown, Michael William"]
[Result "1/2-1/2"]
[WhiteTitle "GM"]
[BlackTitle "IM"]
[WhiteElo "2559"]
[BlackElo "2524"]
[WhiteTeam "Minnesota Blizzard"]
[BlackTeam "San Diego Surfers"]
[WhiteFideId "3506690"]
[BlackFideId "2037602"]
[EventDate "2019.01.08"]

1. e4 e5 2. Nf3 Nc6 3. Bb5 a6 4. Ba4 Nf6 5. O-O Bc5 6. c3 O-O 7. d4 Ba7 8. Bg5
h6 9. Bxf6 Qxf6 10. Bxc6 Qxc6 11. Nxe5 Qxe4 12. Nd2 1/2-1/2

[Event "PRO League Group Stage"]
[Site "chess.com INT"]
[Date "2019.03.13"]
[Round "10"]
[White "Bryant, John Daniel"]
[Black "Henriquez Villagra, Cristobal"]
[Result "0-1"]
[WhiteTitle "IM"]
[BlackTitle "GM"]
[WhiteElo "2449"]
[BlackElo "2504"]
[WhiteTeam "San Diego Surfers"]
[BlackTeam "Minnesota Blizzard"]
[WhiteFideId "2031280"]
[BlackFideId "3409350"]
[EventDate "2019.01.08"]

1. e4 c6 2. Nf3 d5 3. Nc3 Bg4 4. h3 Bxf3 5. Qxf3 e6 6. d3 Nd7 7. g4 Bc5 8. Bd2
Ne7 9. h4 Qc7 10. g5 Rf8 11. Bh3 O-O-O 12. Qg2 Kb8 13. Ne2 Ka8 14. O-O-O a5 15.
Kb1 a4 16. Ka1 d4 17. c3 a3 18. b3 e5 19. cxd4 exd4 20. Rc1 Bb6 21. f4 c5 22.
Nxd4 Qd6 23. Nb5 Qxd3 24. Nxa3 c4 25. Bc3 cxb3 26. Rhd1 Qa6 27. Bxd7 Qxa3 28.
Rb1 Ba5 29. Bxa5 Qxa5 30. Rxb3 Nc6 31. Qb2 Qc7 32. Ra3+ Kb8 33. Rad3 Na7 34. e5
h6 35. f5 hxg5 36. hxg5 Nc6 37. e6 fxe6 38. fxe6 Rf5 39. Rc1 Qe5 40. Rdc3 Ne7
41. a3 Rxg5 42. Rb3 Qxb2+ 43. Rxb2 Ra5 44. Ka2 Rf8 45. Rcb1 Ra7 46. Rb3 Rf2+ 47.
Ka1 Rf5 48. Rc3 Rfa5 49. Ka2 Rf5 50. Rh1 Rf2+ 51. Kb3 Rf8 52. Rh7 Rg8 53. Rf3
Kc7 54. Rf7 Kd6 55. Rhxg7 Rxg7 56. Rxg7 Ra5 57. Rg4 Rd5 58. Rb4 Kc7 59. Re4 Rg5
60. a4 Rg3+ 61. Kb2 b6 62. Bb5 Kd6 63. Bc4 Rg7 64. Bb3 Nc6 65. Kc3 Rg3+ 66. Kb2
Rg7 67. Re2 Nd4 68. Rd2 Kc5 69. Ba2 Re7 70. Ka3 Nxe6 71. Rc2+ Kd6 72. Kb4 Nc5
73. Kb5 Ra7 74. Rd2+ Kc7 75. Kb4 Rxa4+ 76. Kb5 Ra5+ 77. Kb4 Ra4+ 78. Kb5 Rf4 79.
Bc4 Nb7 80. Bb3 Nd6+ 81. Ka6 Rb4 82. Rc2+ Kd7 83. Rc3 Ne4 84. Rd3+ Kc7 85. Rh3
Nc5+ 86. Ka7 Rxb3 87. Rh7+ Nd7 88. Ka6 Ra3+ 89. Kb5 Ra5+ 90. Kb4 Rc5 91. Rh6 Nb8
92. Rh7+ Kc6 93. Rh6+ Kb7 94. Rh8 Nc6+ 95. Ka4 b5+ 96. Kb3 Kb6 97. Rh6 b4 98.
Ka4 Ra5+ 99. Kb3 Ra3+ 100. Kb2 Re3 101. Rh5 Rc3 102. Rh6 Kb5 103. Rh8 Na5 104.
Rb8+ Ka4 105. Ra8 Rf3 106. Kc1 Rf2 107. Ra7 b3 108. Ra8 Kb4 109. Rb8+ Ka3 110.
Ra8 Rf1+ 111. Kd2 b2 112. Rxa5+ Kb4 113. Ra8 b1=Q 114. Rb8+ Kc5 0-1

[Event "PRO League Group Stage"]
[Site "chess.com INT"]
[Date "2019.03.13"]
[Round "10"]
[White "Tang, Andrew"]
[Black "Hilby, Craig"]
[Result "0-1"]
[WhiteTitle "GM"]
[BlackTitle "IM"]
[WhiteElo "2487"]
[BlackElo "2445"]
[WhiteTeam "Minnesota Blizzard"]
[BlackTeam "San Diego Surfers"]
[WhiteFideId "2059630"]
[BlackFideId "2062674"]
[EventDate "2019.01.08"]

1. d4 Na6 2. c4 c6 3. Nc3 g6 4. h4 h6 5. Nf3 Bg7 6. Bf4 d6 7. Qd2 Nf6 8. e4 Bg4
9. Be2 Qa5 10. a3 Bxf3 11. Bxf3 e5 12. Be3 h5 13. d5 O-O 14. dxc6 bxc6 15. Qxd6
Rfd8 16. Qxc6 Nb4 17. Qb5 Nd3+ 18. Ke2 Qc7 19. Rhd1 Rab8 20. Rxd3 Rxb5 21. Rxd8+
Qxd8 22. Nxb5 a6 23. Rd1 Qb8 24. Nd6 Qxb2+ 25. Kf1 Qxa3 26. c5 Bf8 27. g3 Ng4
28. Bxg4 hxg4 29. Nc4 Qb4 30. Nxe5 Bxc5 31. Bh6 Bd4 32. Nxg4 a5 33. Rc1 a4 34.
e5 Qb5+ 35. Kg1 Bxe5 36. Rc8+ Kh7 37. Bg5 Qb1+ 38. Rc1 Qf5 39. Ne3 Qe6 40. Nc4
a3 41. Nxa3 Bb2 42. Nb5 Bxc1 0-1